Statistiken für Geographie nach Bild - B

Klicken Sie hier um das Quiz zu spielen!

Allgemein

  • Dieses Quiz wurde 6.052 mal gespielt
  • Das Durchschnittsergebnis liegt bei 10 aus 18

Antwortstatistiken

Antwort% Korrekt
Berlin
100%
Belgien
99%
Brasilien
95%
Bayern
91%
Brüssel
77%
Bosnien und Herzegowina
74%
Mont {Blanc}
72%
Babylon
58%
Bolivien
55%
Budapest
52%
Borneo
47%
Boston
45%
Bangkok
42%
Bali
36%
Bosporus
36%
Bilbao
22%
Böhmen
19%
Barentssee
15%

Verteilung der Resultate

Perzentil nach korrekt beantworteten Fragen

Anzahl Personen mit jedem Resultat

Ihre Resultats-Entwicklung

Sie haben dieses Quiz noch nicht gespielt